000 00594nam a22001937a 4500
999 _c17812
_d17812
003 AR-CdUCM
008 190509b ||||| |||| 00| 0 spa d
040 _aMUNICIPALIDAD PROVINCIAL DEL CUSCO
_cBIBLIOTECA MUNICIPAL DEL CUSCO
082 _a925 /
_bW22
100 _aWaltz, George.
_937994
245 _aGenios contemporáneos /
260 _aBuenos Aires :
_bPlaza & Janes,
_c1964
300 _a151 páginas ;
_c18 cm.
505 _aContenido : Genios contemporáneos ...
650 _aGrandes hombres.
_935904
650 _aSiglo XX.
_98
942 _2ddc
_cLIBROS
945 _arum
_d2019-05-09